000 00187nam a22000977a 4500
082 _a823
100 _aNO
245 _aCOUNTING THE TIME WITH CURELY
650 _aENGLISH STORY
942 _cBK
999 _c8838
_d8838